000 00638nam a22001937a 4500
005 20251108165014.0
008 250721s9999 xx 000 0 ara d
082 1 4 _a658.5/محم
100 1 _aماضي، محمد توفيق
245 1 0 _aالأساليب الكمية في مجال إدارة الإنتاج و العمليات /
264 1 _aالإسكندرية :
_bالمكتب العربي الحديث،
_c[19-].
300 _a231ص
650 1 7 _aالإدارة
650 1 7 _aتقنيات الإدارة
650 1 7 _aبحوث العمليات
650 1 7 _aإدارة الإنتاج
942 _2ddc
_cBK
999 _c19692
_d19692